• 首页
  • 本馆介绍
  • 公告通知
  • 最新文献
  • 馆藏检索
  • 电子资源
  • 读者导购
  • 参考咨询
  • 我的图书馆
  • 登录
  • 详细信息显示
  • 放入我的书架
  • 预约/预借图书
  • 作者相关作品
  • 分类相关作品
  • 丛书相关作品
  • 出版社相关作品

书目信息

  • 表格格式
  • 工作单格式
  • 卡片格式
题名:
蔡礼旭家庭教育演讲录
    
 
作者: 蔡礼旭 著
分册:  
出版信息: 北京   世界知识出版社  2011
页数: 175页
开本: 23cm
丛书名: 蔡礼旭文集
单 册:
中图分类: G78-53
科图分类:
主题词: 家庭教育--jia ting jiao yu--文集
电子资源:
ISBN: 978-7-5012-4007-4
000 00838nam 2200265 450
001 012001003928
005 20131027135421.0
010    @a978-7-5012-4007-4@dCNY20.00
099    @aCAL 012012131344
100    @a20120224d2011 em y0chiy50 ea
101 0  @achi
102    @aCN@b110000
105    @ay z 000yy
106    @ar
200 1  @a蔡礼旭家庭教育演讲录@Acai li xu jia ting jiao yu yan jiang lu@f蔡礼旭著
210    @a北京@c世界知识出版社@d2011
215    @a175页@d23cm
225 2  @a蔡礼旭文集@Acai li xu wen ji
330    @a本书内容包括:人生不能等待的两件事:孝顺与行善、说话的艺术、如何让孩子接受品德教育。
410  0 @12001@a蔡礼旭文集
606 0  @a家庭教育@Ajia ting jiao yu@j文集
690    @aG78-53@v4
701  0 @a蔡礼旭@Acai li xu@4著
801  2 @aCN@b江苏凤凰@c20191020
905    @b1227941-4@dG78-53@e1260@f4
    
    蔡礼旭家庭教育演讲录/蔡礼旭著.-北京:世界知识出版社,2011
    175页;23cm.-(蔡礼旭文集)
    
    
    ISBN 978-7-5012-4007-4:CNY20.00
    本书内容包括:人生不能等待的两件事:孝顺与行善、说话的艺术、如何让孩子接受品德教育。
●
相关链接 在E读中查询图书 在五车中查询图书 在当当中查询图书 在豆瓣中查询图书


正题名:蔡礼旭家庭教育演讲录     索取号:G78-53/1260         预约/预借

序号 登录号 条形码 馆藏地/架位号 状态 备注
1 1227941   212279416   第一样本阅览室/ [索取号:G78-53/1260] 在馆    
2 1227942   212279425   教育系资料室/ [索取号:G78-53/1260] 在馆    
3 1227943   212279434   教育系资料室/ [索取号:G78-53/1260] 在馆    
4 1227944   212279443   第四借阅区/ [索取号:G78-53/1260] 在馆    
唐山师范学院图书馆 欢迎您!
大连网信软件有限公司© 版权所有